[Event "Sestao op 31st"]
[Site "Sestao"]
[Date "2015.12.06"]
[Round "4"]
[White "Rocillo Mateo, Josu Eder"]
[Black "Jimenez Almeida, Luis David"]
[Result "0-1"]
[WhiteElo "1814"]
[BlackElo "2192"]
[PlyCount "80"]
[EventDate "2015.12.04"]
[EventType "swiss"]
[EventRounds "9"]
[EventCountry "ESP"]
[SourceTitle "EXT 2017"]
[Source "ChessBase"]
[SourceDate "2016.10.25"]
[SourceVersion "1"]
[SourceVersionDate "2016.10.25"]
[SourceQuality "1"]

1. e4 c5 2. Nf3 d6 3. d4 cxd4 4. Nxd4 Nf6 5. Nc3 a6 6. Be2 e5 7. Nb3 Be7 8. 0-0 Be6 9. Bf3 0-0 10. Re1 Qc7 11. Be3 b5 12. a4 b4 13. Nd5 Nxd5 14. exd5 Bf5 15. Rc1 Nd7 16. c3 bxc3 17. Rxc3 Qb8 18. Qc1 Qb4 19. a5 e4 20. Nd4 exf3 21. Nxf5 Qg4 22. Ng3 Ne5 23. h3 Qg6 24. Qd2 h5 25. Qc2 fxg2 26. Kxg2 f5 27. Bf4 h4 28. Bxe5 dxe5 29. Rxe5 Bf6 30. Rxf5 Rab8 31. Rc6 hxg3 32. Rfxf6 Qh5 33. Qg6 Qxd5+ 34. Kxg3 Rxf6 35. Rxf6 Rb3+ 36. f3 Qe5+ 37. Rf4 Qe1+ 38. Kg4 Rb5 39. Rf5 Rb4+ 40. f4 Qg1+ 0-1